00334pab a2200133 454500008004000000100002600040245005200066260000900118300001100127362001000138650001800148650001400166773002000180180718b2010 xxu||||| |||| 00| 0 eng d aPaliwal, Dinesh Kumar aCo-relation between education and globalization c2010 ap.1-3. a4 Jan aGlobalization aEducation aUniversity News